000 00489cam a2200193ua 4500
001 12104
005 20260515114834.0
008 200219n ii |||gr||||Z||||||eng
020 _a9789350740712
040 _cMAIN
082 _a331.702
100 _aAbhijit Kumar Pal,
_eAuthor.
245 _aGuidance and counselling
_cBy Abhijit Kumar Pal
250 _a1st ed.
260 _aNew Delhi:
_bAbhijit publications,
_c2013.
300 _a296p.
653 _aLabor economics
942 _cBK
999 _c10863
_d10863